| 000 -LEADER |
| fixed length control field |
00633nam a2200193 a 4500 |
| 001 - CONTROL NUMBER |
| control field |
:::00014477$&:&@@ |
| 003 - CONTROL NUMBER IDENTIFIER |
| control field |
OkBaRHE |
| 005 - DATE AND TIME OF LATEST TRANSACTION |
| control field |
20000830170137.0 |
| 008 - FIXED-LENGTH DATA ELEMENTS--GENERAL INFORMATION |
| fixed length control field |
s1978 j 000 0 eng u |
| 040 ## - CATALOGING SOURCE |
| Transcribing agency |
|
| 100 1# - MAIN ENTRY--PERSONAL NAME |
| Personal name |
Talmage, T. De Witt (Thomas De Witt), 1832-1902. |
| 245 10 - TITLE STATEMENT |
| Title |
500 Selected sermons; vol. 9. |
| 260 ## - PUBLICATION, DISTRIBUTION, ETC. (IMPRINT) |
| Place of publication, distribution, etc |
Grand Rapids, MI., : |
| Name of publisher, distributor, etc |
Baker Book House |
| Date of publication, distribution, etc |
1978 |
| 300 ## - PHYSICAL DESCRIPTION |
| Extent |
v. (1-10) : illus. ; |
| Dimensions |
22 cm. |
| 650 ## - SUBJECT ADDED ENTRY--TOPICAL TERM |
| Topical term or geographic name as entry element |
Presbyterian Church |
| General subdivision |
Sermons |
| 650 ## - SUBJECT ADDED ENTRY--TOPICAL TERM |
| Topical term or geographic name as entry element |
Sermons, American |
| 942 ## - ADDED ENTRY ELEMENTS (KOHA) |
| Source of classification or shelving scheme |
|
| Koha item type |
Books |